00606nam a2200133Ia 4500008004100000100002200041245012700063245013300190260005300323260000900376300001100385650001500396856006100411170221s9999 xx 000 0 und d aNatalia R. Saenko aResearch in Action Integrated Marketing Communications as the Elements of Information and Virtualization Market Relations  cNatalia R. Saenko, Anastasiya A. Sozinova, Irina S. Karabulatova, Ilnur V. Akhmetov, Olga V. Mamatelashvili, Elena E. Pismennaya bInternational Review of Management and Marketing c2016 a15 : 1 xMarketing. uhttp://www.econjournals.com/index.php/irmm/issue/view/70